| 000 | 00539nam a2200193 a 4500 | ||
|---|---|---|---|
| 001 | 000048535 | ||
| 003 | DO-SdBNP | ||
| 005 | 20210930150050.0 | ||
| 007 | ta | ||
| 008 | 190328s2013 dr a 000 spa d | ||
| 020 | _a9789945874242 | ||
| 040 |
_aDO-SdBNP _bspa _cBNPHU |
||
| 082 | 4 |
_a868.5 _bC965g _222 |
|
| 245 | 1 | 0 | _aCuentos ganadores del segundo concurso literario letra natural. |
| 260 |
_aSanto Domingo : _bFundación Propagas, _c2013. |
||
| 300 |
_a36 p. : _bil. ; _c22 cm. |
||
| 590 | _aInventariado, 2019/DG | ||
| 942 |
_2ddc _cLBS1 |
||
| 999 |
_c48023 _d48023 |
||